000 00773cam a22002771 4500
003 OSt
005 20140310184500.0
008 720111s1963 nyua j 000 1 eng
010 _a 63008504
020 _a0590430491
035 _a(OCoLC)193737
040 _aDLC
_cOTifH
_dWaChenE
_dDLC
042 _apremarc
050 0 0 _aPZ 7
_b.L6634Swi 1963
100 1 _aLionni, Leo,
_d1910-1999.
_928605
245 1 0 _aSwimmy /
_cLeo Lionni.
260 _aNew York :
_bPantheon,
_c1963.
300 _a31 p. :
_bcol. ill. ;
_c29 cm.
521 _aG4
526 _c640
650 1 _aFishes
_vFiction.
_928606
906 _a7
_bcbc
_coclcrpl
_du
_encip
_f19
_gy-gencatlg
942 _2lcc
_cBK-SCHOLAS
999 _c34729
_d34729